An Introduction to Applied Econometrics (Registro nro. 510)
[ vista simple ]
| 000 -LEADER | |
|---|---|
| fixed length control field | 01613 a2200217 4500 |
| 001 - CONTROL NUMBER | |
| control field | 13124 |
| 005 - DATE AND TIME OF LATEST TRANSACTION | |
| control field | 20260407155441.0 |
| 008 - FIXED-LENGTH DATA ELEMENTS--GENERAL INFORMATION | |
| fixed length control field | 260407a2000 arg spa d |
| 003 - CONTROL NUMBER IDENTIFIER | |
| control field | AR-UNSa-BCEJYS |
| 040 ## - CATALOGING SOURCE | |
| Original cataloging agency | AR-UNSa-BCEJYS |
| Language of cataloging | spa |
| Transcribing agency | AR-UNSa-BCEJYS |
| 080 ## - UNIVERSAL DECIMAL CLASSIFICATION NUMBER | |
| Universal Decimal Classification number | 330.43 |
| Common auxiliary subdivision | Econometría |
| 020 ## - INTERNATIONAL STANDARD BOOK NUMBER | |
| International Standard Book Number | 978-0-333-80246-5 |
| 100 1# - MAIN ENTRY--PERSONAL NAME | |
| Personal name | Patterson, Kerry |
| 245 10 - TITLE STATEMENT | |
| Title | An Introduction to Applied Econometrics |
| Name of part/section of a work | A Time Series Approach |
| 264 #1 - PRODUCTION, PUBLICATION, DISTRIBUTION, MANUFACTURE, AND COPYRIGHT NOTICE | |
| Place of production, publication, distribution, manufacture | Basingstoke : |
| Name of producer, publisher, distributor, manufacturer | Palgrave Macmillan |
| Date of production, publication, distribution, manufacture, or copyright notice | 2000 |
| 300 ## - PHYSICAL DESCRIPTION | |
| Extent | xxvi, 795 p. |
| Dimensions | 24 cm. |
| 505 ## - FORMATTED CONTENTS NOTE | |
| Formatted contents note | 1. Economics and quantitative economics - 2. Some preliminaries - 3. An introduction to stationary and nonstationary random variables - 4. Estimation and hypothesis testing in simple regression models - 5. Extending estimation and model building to several regressors - 6. An introduction to nonstationary univariable time series models - 7. Developments of nonstationary univariable time series models - 8. Stationary and nonstionary in single-equation regression analysis - 9. Endogeneity and the fully modified OLS estimator - 10. The demand ofr money - 11. The term structure of interest rates - 12. The Phillips curve - 13. The exchange rate and purchasing power parity - 14. Multivariate models and cointegration - 15. Applications of multivariate models involving cointegration - 16. Autoregressive conditional heteroscedasticity: modelling volatility |
| 590 ## - LOCAL NOTE (RLIN) | |
| Local note | niveau_biblio:m niveau_hierar:0 |
| 856 41 - ELECTRONIC LOCATION AND ACCESS | |
| Uniform Resource Identifier | <a href="https://biblioeco.unsa.edu.ar/pmb/images/libros/An Introduction to Applied Econometrics Patterson, Kerry (2000).jpg">https://biblioeco.unsa.edu.ar/pmb/images/libros/An Introduction to Applied Econometrics Patterson, Kerry (2000).jpg</a> |
| Link text | Imagen de portada |
| Electronic format type | image/jpeg |
| 942 ## - ADDED ENTRY ELEMENTS (KOHA) | |
| Koha item type | |
| Withdrawn status | Lost status | Damaged status | Not for loan | Home library | Current library | Shelving location | Date acquired | Total checkouts | Full call number | Barcode | Date last seen | Price effective from | Koha item type |
|---|---|---|---|---|---|---|---|---|---|---|---|---|---|
| Biblioteca Prof. Eusebio Cleto del Rey | Biblioteca Prof. Eusebio Cleto del Rey | 07/04/2026 | 330.43 P315 | L118916 | 07/04/2026 | 07/04/2026 | Libro | ||||||
| Biblioteca Prof. Eusebio Cleto del Rey | Biblioteca Prof. Eusebio Cleto del Rey | 07/04/2026 | 330.43 P315 | L118917 | 07/04/2026 | 07/04/2026 | Libro |